[Event "Hyderabad Murthy Raju Memorial"]
[Site "Hyderabad"]
[Date "2024.07.28"]
[Round "9"]
[White "Wankhade, Sanskruti"]
[Black "Rama, Anjaneyulu RVSS"]
[Result "1-0"]
[WhiteElo "1699"]
[BlackElo "1751"]
[PlyCount "137"]
[EventDate "2024.07.27"]
[EventType "swiss (rapid)"]
[EventRounds "9"]
[EventCountry "IND"]
[SourceTitle "CBM 221 Extra"]
[Source "ChessBase"]
[SourceDate "2024.09.30"]
[SourceVersion "1"]
[SourceVersionDate "2024.09.30"]
[SourceQuality "1"]

1. d4 e6 2. c4 d5 3. Nf3 Nf6 4. Nc3 Bb4 5. Qa4+ Nc6 6. e3 Bd7 7. Qb3 Rb8 8. Bd3 0-0 9. 0-0 Bxc3 10. Qxc3 dxc4 11. Qxc4 b5 12. Qc5 Qe7 13. Qxe7 Nxe7 14. Ne5 Rfd8 15. Bd2 Be8 16. Rfc1 Rdc8 17. Ba5 c6 18. Bb4 Ned5 19. Bd6 Ra8 20. Rc2 Rd8 21. Bc5 a5 22. a3 Rdc8 23. g3 Nd7 24. Nxd7 Bxd7 25. Rac1 f5 26. Kf1 Kf7 27. Ke2 h6 28. f3 g5 29. e4 Nf6 30. Rf1 h5 31. Bd6 Rg8 32. Rc5 Rg6 33. Kd2 Rgg8 34. Re5 Ne8 35. Bc5 Kf6 36. exf5 exf5 37. Rfe1 Ng7 38. g4 hxg4 39. fxg4 f4 40. Be7+ Kf7 41. Bxg5 Ne6 42. Rf5+ Kg7 43. Bxf4 Rge8 44. Be5+ Kg8 45. Ref1 Rf8 46. h4 Rxf5 47. Bxf5 Nf8 48. Bxd7 Nxd7 49. Ke3 c5 50. Rf5 c4 51. Rg5+ Kf7 52. Rg7+ Ke6 53. Rg6+ Kf7 54. Rc6 Re8 55. Kf4 Nf8 56. Rc7+ Ke6 57. Ke4 Nd7 58. h5 Rg8 59. Rc6+ Ke7 60. Rg6 Rc8 61. Rg7+ Ke8 62. Rg8+ Nf8 63. Bg7 Kf7 64. Rxf8+ Rxf8 65. Bxf8 Kxf8 66. d5 b4 67. axb4 c3 68. bxc3 a4 69. Kd3 1-0

[Event "Hyderabad Murthy Raju Memorial"]
[Site "Hyderabad"]
[Date "2024.07.27"]
[Round "5"]
[White "Ramakrishna, J."]
[Black "Rama, Anjaneyulu RVSS"]
[Result "1-0"]
[WhiteElo "2030"]
[BlackElo "1751"]
[PlyCount "77"]
[EventDate "2024.07.27"]
[EventType "swiss (rapid)"]
[EventRounds "9"]
[EventCountry "IND"]
[SourceTitle "CBM 221 Extra"]
[Source "ChessBase"]
[SourceDate "2024.09.30"]
[SourceVersion "1"]
[SourceVersionDate "2024.09.30"]
[SourceQuality "1"]

1. e4 c5 2. Nc3 d6 3. f4 Nc6 4. Nf3 a6 5. d4 cxd4 6. Nxd4 e5 7. Nxc6 bxc6 8. fxe5 dxe5 9. Qxd8+ Kxd8 10. Bc4 Ke7 11. Be3 Be6 12. Bc5+ Ke8 13. Bxf8 Kxf8 14. Bxe6 fxe6 15. 0-0-0 Ke7 16. Na4 Nf6 17. Nc5 a5 18. a4 Rhd8 19. c3 Ng4 20. Rxd8 Rxd8 21. Nb7 Ra8 22. Re1 Nf6 23. Kc2 Ra7 24. Nc5 Nd7 25. Nd3 c5 26. b3 Rc7 27. Nb2 Nb6 28. Re3 Rc8 29. Rg3 Kf6 30. Nd3 Nd7 31. Nf2 g6 32. Ng4+ Ke7 33. Rf3 h5 34. Ne3 Nf6 35. Nc4 Nxe4 36. Nxe5 g5 37. Rf7+ Ke8 38. Rh7 Rd8 39. Rh8+ 1-0